000
00304nam a22001217a 4500
020
_a
0-7042-0142-9
082
_a
621.38887 COL'F
100
_a
FOULSHAM TAB
_9
77275
245
_a
COLOUR TV TROUBLE FACTBOOK PROBLEMS AND SOLUTION
260
_a
ENGLAND
_b
FOULSHAM TAB
_c
1974
300
_a
348P
942
_c
BK
999
_c
582573
_d
582573